| 000 | 00557nam a2200181Ia 4500 | ||
|---|---|---|---|
| 001 | 2496 | ||
| 005 | 20260306144811.0 | ||
| 008 | 260306t2015||||xx |||||||||||||| ||spa|| | ||
| 041 | _aESP | ||
| 082 |
_a616.891 _bW57 |
||
| 100 |
_aWilliams, Mary Beth _eAUT |
||
| 245 | 0 |
_aManual de tratamiento del trastorno de estrés postraumático: _btécnicas sencillas y eficaces para superar los síntomas del trastorno de estrés postraumático |
|
| 260 | _c2015 | ||
| 300 |
_a466 páginas : _c21 cm. |
||
| 650 | _aGEN | ||
| 654 | _aCPS | ||
| 942 |
_cLIB _dJUS _fJUS _2ddc _n |
||
| 999 |
_c2496 _d2496 |
||